000 00828pam a2200253 a 4500
008
020 _a0313272514 (hbk. )
049 _aMAIN
090 _aCD950 COX
100 1 _aCox, Richard J.
245 1 0 _aManaging institutional archives :
_bfoundational principles and practices /
_cRichard J. Cox.
260 _aConnenictut :
_bGreenwood Press ,
_c1992.
300 _axi, 306 p. :
_bill. ;
_c25 cm.
490 1 _aThe Greenwood library management collection.
500 _aIncludes index.
504 _aIncludes bibliographical references.
650 0 _aArchives
_xAdministration.
650 0 _aAssociations, institutions, etc.
_xArchives
907 _a.b10239510
_b30-04-07
_c19-04-07
003
005 20230123134426.0
040 _cNUST
942 _cBOOKS
_kCD950 COX
999 _c165699
_d165699